000 00401nam a2200097Ia 4500
008 180130s9999 xx 000 0 und d
245 _cMoiz, Fahad; Kumar, Sharika; Leon-Salas, Walter D.; Johnson, Mark
_aAn embedded multichannel telemetry unit for bone strain monitoring
260 _c2016
300 _aBook title: Embedded system design--Acession number C20733; pages 199-214
650 _aSYSTEM DESIGN
999 _c354364
_d354364